Bilecik Bilecik Bilecik Bilecik Bilecik

5. Uluslararası Türkçenin Eğitimi-Öğretimi Kurultayı, 5-6 Temmuz 2012, Mersin = (Record no. 56067)

MARC details
000 -BAŞLIK
Sabit Uzunluktaki Kontrol Alanı 01603nam a22004337a 4500
001 - KONTROL NUMARASI
Control Dosyası 0056259
003 - KONTROL NUMARASI KİMLİĞİ
Kontrol Alanı KOHA_MİRAKIL
005 - EN SON İŞLEM TARİHİ ve ZAMANI
Kontrol Alanı 20260207004044.0
007 - FİZİKSEL TANIM SABİT ALAN - GENEL BİLGİ
Sabit uzunluklu kontrol alanı ta
008 - SABİT UZUNLUKTAKİ VERİ ÖGELERİ - GENEL BİLGİ
Sabit Alan 160309b2012 tu a|||gr||||#0|||0|tur |
020 ## - ISBN - ULUSLARARASI STANDART KİTAP NUMARASI
Isbn 9789756900369
040 ## - KATALOGLAMA KAYNAĞI
Özgün Kataloglama Kurumu TR-BiSEU
Kataloglama Dili tur
Çeviri Kurumu TR-BiSEU
Açıklama Kuralları rda
041 0# - DİL KODU
Metin ya da ses kaydının dil kodu tur
044 ## - YAYINLAYAN/ÜRETEN KURULUŞUN ÜLKE KODU
ISO country code tu
050 ## - SINIFLAMA ve YER NUMARASI
Sınıflama Numarası LB1577
Yer Numarası .U48 2012
240 10 - TEK BİÇİM BAŞLIK
Tekbiçim Başlık <a href="The 5th International Turkish Language Teaching Conference, 5-6 July 2012, Mersin">The 5th International Turkish Language Teaching Conference, 5-6 July 2012, Mersin</a>
Language of a work Türkçe
245 0# - ESER ADI BİLDİRİMİ
Başlık 5. Uluslararası Türkçenin Eğitimi-Öğretimi Kurultayı, 5-6 Temmuz 2012, Mersin =
Alt Eseradı vb. The 5th International Turkish Language Teaching Conference, 5-6 July 2012, Mersin/
Sorumluluk Bildirimi Hazırlayan Mustafa Aksan, Aygül Uçar.
264 #1 - ÜRERİM, YAYIN, DAĞITIM ve TELİF BİLDİRİMİ
Yayın yeri Mersin :
Yayınlayan Mersin Üniversitesi ; TUBİTAK
Yayın tarihi 2012
300 ## - FİZİKSEL TANIMLAMA
Sayfa, Cilt vb. 186 sayfa :
Diğer fiziki detaylar tablo ;
Boyutları 24 cm.
336 ## - İÇERİK TÜRÜ
Content type term metin
Content type code txt
Source rdacontent
337 ## - MEDYA TÜRÜ
Media type term aracısız
Media type code n
Source rdamedia
338 ## - TAŞIYICI TÜRÜ
Carrier type term cilt
Carrier type code nc
Source rdacarrier
490 1# - DİZİ BİLDİRİMİ
Dizi Bildirimi Mersin Ünivversitesi ;
Cilt Numarası yayın no.
490 1# - DİZİ BİLDİRİMİ
Dizi Bildirimi 32.
490 1# - DİZİ BİLDİRİMİ
Dizi Bildirimi Fen-Edebiyat Fakültesi ;
Cilt Numarası yayın no ;
-- 7.
490 1# - DİZİ BİLDİRİMİ
Dizi Bildirimi
500 ## - GENEL NOT
Genel Not Kaynakça var.
650 #0 - KONU BAŞLIĞI EK GİRİŞ - KONU TERİMİ
Konusal terim veya coğrafi ad Türk dili--Öğrenim ve Öğretim--Kongreler.
9 (RLIN) 104224
650 #0 - KONU BAŞLIĞI EK GİRİŞ - KONU TERİMİ
Konusal terim veya coğrafi ad Türk dili--Eğitim--Kongreler.
9 (RLIN) 104225
650 #0 - KONU BAŞLIĞI EK GİRİŞ - KONU TERİMİ
Konusal terim veya coğrafi ad Turkish language--Study and teaching--Kongreler.
9 (RLIN) 104226
650 #0 - KONU BAŞLIĞI EK GİRİŞ - KONU TERİMİ
Konusal terim veya coğrafi ad Turkish language
Genel Alt Konu Education--Congresses.
9 (RLIN) 104227
650 #0 - KONU BAŞLIĞI EK GİRİŞ - KONU TERİMİ
Konusal terim veya coğrafi ad
9 (RLIN) 5500
830 1# - SERİ EK GİRİŞİ - TEKBİÇİM ESER ADI
Tekbiçim Başlık Mersin Ünivversitesi ;
Volume number/sequential designation yayın no.
9 (RLIN) 104228
830 1# - SERİ EK GİRİŞİ - TEKBİÇİM ESER ADI
Tekbiçim Başlık 32.
9 (RLIN) 25904
830 1# - SERİ EK GİRİŞİ - TEKBİÇİM ESER ADI
Tekbiçim Başlık Fen-Edebiyat Fakültesi ;
Volume number/sequential designation yayın no ;
-- 7.
9 (RLIN) 59050
830 1# - SERİ EK GİRİŞİ - TEKBİÇİM ESER ADI
Tekbiçim Başlık
9 (RLIN) 1620
907 ## - LOCAL DATA ELEMENT G, LDG (RLIN)
a Kurultay
942 ## - EK GİRİŞ ÖGELERİ (KOHA)
Source of classification or shelving scheme Library of Congress Classification
Koha item type Book
Holdings
Materyal Türü Kalıcı Konum Mevcut Konum Raf Yeri Sınıflandırma Kaynağı Edinim Bilgisi Ana Konular Alt Konular Yer Numarası Demirbaş Numarası Fatura Tarihi Geri Çekilme Durumu Kayıp Durumu Hasarlı Durumu Kredi için değil Kayıt Tarih Toplam Ödünçverme Son Görülme Tarihi Son Kontrol Tarihi Genel / Bağış Notu
Book Prof. Dr. Azmi Özcan Kütüphanesi Prof. Dr. Azmi Özcan Kütüphanesi Uluğbey Salonu Library of Congress Classification Bağış EĞİTİM Eğitim Teorisi ve Uygulaması LB1577 .U48 2012 0056259 02/02/2026         09/03/2016   05/12/2024 05/12/2024 Mustafa Çakır, Akademisyen